000 02788nam a2200289 a 4500
003 OSt
005 20260210132415.0
007 cr ||||||a|c|a
008 231128s2019 mx a|||fom||| 001 0 spa d
040 _erda
100 1 _9188314
_aGuadalupe García, Yanet
245 1 0 _aIdentificación del agente causal de la pudrición en lechuga (Lactuca sativa L.) /
_cpor Yanet Guadalupe García : director de tesis Santos Gerardo Leyva Mir.
264 1 _aChapingo, México :
_bEl autor,
_c2019.
300 _a1 recurso en línea ( 58 páginas):
_bfiguras, cuadros,
336 _2rdacontent
_atexto
_btxt
337 _2rdamedia
_acomputadora
_bc
338 _2rdacarrier
_arecurso en línea
_bcr
502 _bIAEPA
_cParasitología
_d2019.
_gLIC
504 _aIncluye referencias bibliográficas: páginas 46-49.
520 _aEl experimento se realizó en el laboratorio de micología del departamento de parasitología agrícola en la Universidad Autónoma Chapingo, con el objetivo de identificar al agente causal de la pudrición en lechuga. Para diseñar una estrategia de manejo de la enfermedad, se requiere conocer el agente causal, su biología, los factores internos y externos que controlan la infección y la expansión de la enfermedad, es por ello que se realizó una identificación del agente causal para tener certeza de que efectivamente se trataba de Sclerotium rolfsii como uno de los agentes que causan pudrición en el cultivo de lechuga y posteriormente dar paso a nuevas investigaciones para su posible manejo. Para que el objetivo se cumpliera se llevaron a cabo diferentes pruebas para la identificación las cuales fueron: pruebas moleculares, morfológicas y patogénicas. Además se evaluaron diferentes productos químicos a una misma concentración los cuales fueron: Benomil (Benlate), Boscalid (Cabrio) , Bacillus subtilis (Serenade), Iprodione (Rovral), Tiabendazol (Tecto) y Clorotalonil (Daconil), todos a una misma dosificación, en las que se midió el crecimiento micelial del hongo, esto se realizó durante los primeros tres días y posteriormente a los quince días, de los cuales se realizó una comparación de los resultados obtenidos, donde se logró apreciar que ciertos productos mostraron resultados diferentes de los primeros tres días a los quince días. Entre los productos que inhibieron el crecimiento micelial del agente causal fueron: Benomil, Clorotalonil y Boscalid.
650 4 _9134415
_aLechuga
_xEnfermedades por hongos
650 4 _9133270
_aSclerotium rolfsii
_xControl
650 4 _944045
_aFungicidas
_xAnálisis
700 1 _aLeyva Mir, Santos Gerardo
_eDirector de tesis.
_966581
856 _uhttp://10.13.5.2/tesis/tl/Guadalupe_Garcia_Yanet.pdf
_zDESCARGAR PDF
942 _2Clasificación Universidad Autónoma Chapingo
_cTD
999 _c219457
_d219457